000 00466nam a2200157 a 4500
001 35383
005 20180714003716.0
008 140415s1963 000 0 spa d
041 _aspa
082 _a915.5496
_bULL
100 1 _aULLMAN, JAMES RAMSEY
245 1 0 _aAMERICANS ON EVEREST :
_bTHE OFFICIAL ACCOUNT OF THE ASCENTLED BY NORMAN
260 _a[s.l.] :
_bJ.B. LIPPINCOTT COMPANY,
_c1963
300 _a429
650 1 4 _aEXPEDICIONES
_xEVEREST
999 _c35383
_d35383